| 000 | 00987nam a22002537a 4500 | ||
|---|---|---|---|
| 005 | 20170124102945.0 | ||
| 010 | _aA-707677 | ||
| 020 | _c200.00 | ||
| 035 | _aA-707677 | ||
| 037 | _bCen Lib/Ret | ||
| 040 |
_aDPL _bHN |
||
| 082 |
_a821 _bमिश्रवी |
||
| 100 |
_aमिश्र, वीरेन्द्र _949575 |
||
| 245 |
_aगीत विविधा / _cवीरेंदर मिश्र |
||
| 246 |
_aGeet vividha / _bby Veerendra Mishra |
||
| 260 |
_aदिल्ली _bसाहित्य प्रकाशन _c1994 |
||
| 270 |
_aमालीवाड़ा _bदिल्ली _e110006 |
||
| 300 |
_a390पृ. _c21सेमी (सजिल्द) |
||
| 650 |
_aहिंदी साहित्य _949576 |
||
| 650 |
_aहिंदी साहित्य--काव्य _93490 |
||
| 650 |
_aHindi literature _949577 |
||
| 650 |
_aHindi literature--Poetry _949578 |
||
| 942 |
_2ddc _cHN _h821 _mमिश्रवी |
||
| 999 |
_c112881 _d112881 |
||